000 00972nam a2200289 i 4500
001 bg
100 1 _aHEDGECOE, John
245 1 0 _aFotografia ; Jak lepiej fotografować /
_cradzi John Hedgecoe ; [tł. z ang. Janusz Jirowec, Wojciech Tuszko].
246 _iTyt. oryg.:
_aJohn Hedgrecoe's new book photography
250 _aWyd.4 dodr.
260 _aWarszawa :
_b"Arkady",
_c2003.
300 _a263 s. :
_bfot. (gł. kolor.), rys., tab. ;
_c29 cm.
500 _aTyt. oryg.: "John Hedgrecoe's new book photography".
504 _aIndeks.
650 9 _aFotografia
655 _aPodręczniki
700 1 _aJirowec, Janusz.
_eTł.
700 1 _aTuszko, Wojciech.
_eTł.
020 _a8321341098
040 _cBPK
041 1 _apol
_heng
080 _a778(07)
920 _a83-213-4109-8
942 _cKS
008 s pl f |000 0 pol
999 _c44255
_d44255